00992nam a2200241 a 450000100100000000500170001000800410002702000180006804000250008608200160011110000290012724501780015626000590033430000280039349000370042149000170045850000700047550400730054565000360061870000410065483000370069583000180073200002071920200930011142.0100813s2002 dr 000 0 spa d a9788484830771 aDO-SdBNPbspacBPJMB axxxxbVxxxa1 aVerzosa, Juan de,d1956-10aAnales del reino de Felipe II /cJuan de Verzosa ; introducción, edición crítica, traducción anotada e índices José María Maestre Maestre ; prólogo Juan Gil. aMadrid :bInstituto de estudios humanísticos,c2002. accxxx, 280 p. ;c24 cm.1 aTextos y estudios humanísticos1 aTextosvv. 1 aIncluye datos biográficos del autor en la solapa de la cubierta aIncluye referencias bibliográficas y notas al pie de las páginas 4aHumanismoxLiteratura clásica1 aMaestre Maestre, José Maríaeed. 0aTextos y estudios humanísticos 0aTextosnno. 1